000 00643nam a2200193 i 4500
001 56362
003 ES-MaACL
007 t|
008 031008s1954 sp ||||1| spa d
100 1 _aDíez de Medina, Fernando.
_944710
245 1 0 _aLiteratura Boliviana
_b: introducción al estudio de las letras nacionales /
_cFernando Díez de Medina ; prólogo de Hugo Bohorquez.
260 _aMadrid :
_bAguilar,
_c1954 (
_fSoler)
300 _a415 p. ;
_c20 cm.
490 1 _aColección literaria
700 1 _aBohorquez R., Hugo.
_929838
830 0 _aColección literaria
_9179831
852 _aES-MaACL
_jC-9144
_bR.37212
999 _c56362
_d56362